000 00485nam a22001937a 4500
003 MPLRDC
005 20220104173746.0
008 210129b ||||| |||| 00| 0 eng d
020 _a1-85471-543-3
082 _a859.61 BURN
100 _aFRANCES HODGSON BURNETT
245 _aA LITTLE PRINCESS
_c
250 _a初版
260 _a
_bCLAREMONT BOOKS LONDON
_c1995
300 _b
490 _aCHILDREN'S CLASSIC
650 _aCHILDREN LITERATURE
942 _cBK
_o859.61 BURN
999 _c59561
_d59551